[Event "NAYCC U10"]
[Site "Toronto CAN"]
[Date "2013.08.14"]
[Round "1"]
[White "Yu, Ryan"]
[Black "Lin, Benjamin1"]
[Result "0-1"]
[WhiteElo "802"]
[BlackElo "1500"]
[PlyCount "88"]
[GameId "2160767909258730"]
[EventDate "2013.08.14"]
[EventType "swiss"]
[EventRounds "9"]
[EventCountry "CAN"]
[SourceTitle "EXT 2022"]
[Source "ChessBase"]
[SourceDate "2021.10.06"]
[SourceVersion "1"]
[SourceVersionDate "2021.10.06"]
[SourceQuality "1"]

1. e4 c5 2. Nf3 d6 3. Bc4 Nf6 4. e5 dxe5 5. Nxe5 e6 6. O-O Bd6 7. Nd3 O-O 8. Ne1 Nc6 9. Nc3 a6 10. a4 Qc7 11. d3 Bxh2+ 12. Kh1 Bd6 13. Nf3 Nd4 14. Nxd4 cxd4 15. Ne2 e5 16. Bg5 Be7 17. Ng3 Ng4 18. Bxe7 Qxe7 19. Nf5 Bxf5 20. g3 e4 21. dxe4 Bxe4+ 22. Kg1 Qg5 23. f3 Ne3 24. Qd2 Qxg3+ 25. Kh1 Nxf1 26. Bxf1 Bxf3+ 27. Bg2 Qh3+ 28. Kg1 Qg3 29. Rf1 Bxg2 30. Qxg2 Qxg2+ 31. Kxg2 Rac8 32. Rc1 f5 33. Kf3 g5 34. b4 h5 35. Kg3 Rc3+ 36. Kg2 f4 37. Kf2 g4 38. b5 h4 39. bxa6 Rf3+ 40. Kg2 h3+ 41. Kh2 bxa6 42. Rg1 Rf2+ 43. Kh1 g3 44. a5 Rh2# 0-1

[Event "NAYCC U10"]
[Site "Toronto CAN"]
[Date "2013.08.14"]
[Round "1"]
[White "Zeng, Leo"]
[Black "Corvera Choi, Kemos"]
[Result "0-1"]
[WhiteElo "1002"]
[BlackElo "1667"]
[PlyCount "82"]
[GameId "2160767909258731"]
[EventDate "2013.08.14"]
[EventType "swiss"]
[EventRounds "9"]
[EventCountry "CAN"]
[SourceTitle "hb 2013"]

1. e4 c5 2. Nf3 d6 3. Bc4 Nf6 4. d3 a6 5. Nc3 b5 6. Bd5 Nxd5 7. exd5 Nd7 8. Ne4 Bb7 9. c4 g6 10. O-O Bg7 11. Bg5 O-O 12. Rb1 Nb6 13. b3 h6 14. Bh4 g5 15. Bg3 f5 16. Nexg5 hxg5 17. Nxg5 Bc8 18. Qh5 Rf6 19. Qh7+ Kf8 20. Bf4 Qe8 21. Bc1 f4 22. Bb2 Bf5 23. Ne6+ Bxe6 24. dxe6 Qg6 25. Qh4 Rxe6 26. Qxf4+ Qf7 27. Bxg7+ Kxg7 28. Qg4+ Rg6 29. Qe4 Rg8 30. Qb7 Kh8 31. g3 Nc8 32. Qxa6 b4 33. Qb7 Rh6 34. h4 Rxh4 35. Rfe1 Qh7 36. Rbd1 Rh2 37. Kf1 Qf5 38. f3 Rxg3 39. Qc6 Rxf3+ 40. Qxf3 Qxf3+ 41. Kg1 Qh1# 0-1

[Event "NAYCC U10"]
[Site "Toronto CAN"]
[Date "2013.08.14"]
[Round "1"]
[White "Zhang, Henry"]
[Black "Bate, William"]
[Result "1-0"]
[WhiteElo "1414"]
[BlackElo "748"]
[PlyCount "85"]
[GameId "2160767909258732"]
[EventDate "2013.08.14"]
[EventType "swiss"]
[EventRounds "9"]
[EventCountry "CAN"]
[SourceTitle "hb 2013"]

1. e4 e5 2. Nf3 Nf6 3. Nc3 Nc6 4. Bc4 Qe7 5. d3 Na5 6. Bb3 Nxb3 7. axb3 d6 8. Be3 Bg4 9. h3 Bxf3 10. Qxf3 Qe6 11. Nb5 Qd7 12. c4 a6 13. Nc3 Be7 14. O-O O-O 15. Qe2 b5 16. f4 exf4 17. Bxf4 bxc4 18. bxc4 Nh5 19. Qxh5 g6 20. Qh6 Bf6 21. Be3 Bg7 22. Qf4 Bxc3 23. bxc3 Qe6 24. c5 dxc5 25. Bxc5 Rfc8 26. Bd4 Rf8 27. Ra5 f6 28. Rc5 c6 29. Bxf6 a5 30. e5 a4 31. Qh6 Rf7 32. Qe3 a3 33. Qf3 a2 34. Ra1 Qb3 35. Qf1 Qc2 36. Rc4 Rb7 37. Rb4 Rba7 38. e6 c5 39. Rb5 h6 40. e7 Ra3 41. d4 cxd4 42. Qc4+ Kh7 43. Qf7# 1-0

[Event "NAYCC U10"]
[Site "Toronto CAN"]
[Date "2013.08.14"]
[Round "1"]
[White "Zheng, Ethan"]
[Black "Miranda-Radbord, Cameron"]
[Result "1-0"]
[WhiteElo "1237"]
[BlackElo "709"]
[PlyCount "29"]
[GameId "2160767909258733"]
[EventDate "2013.08.14"]
[EventType "swiss"]
[EventRounds "9"]
[EventCountry "CAN"]
[SourceTitle "hb 2013"]

1. d4 d5 2. c4 dxc4 3. e4 Bd7 4. Bxc4 e6 5. Nc3 f5 6. exf5 exf5 7. Qe2+ Be7 8. Nf3 Nc6 9. O-O a6 10. Ne5 Nxe5 11. Qxe5 Nf6 12. Nd5 Rc8 13. Nxf6+ gxf6 14. Qd5 c6 15. Qf7# 1-0

[Event "NAYCC U10"]
[Site "Toronto CAN"]
[Date "2013.08.14"]
[Round "1"]
[White "Zheng, Victor"]
[Black "Levkov, Daniel"]
[Result "0-1"]
[WhiteElo "1016"]
[BlackElo "1867"]
[PlyCount "78"]
[GameId "2160767909258734"]
[EventDate "2013.08.14"]
[EventType "swiss"]
[EventRounds "9"]
[EventCountry "CAN"]
[SourceTitle "hb 2013"]

1. d4 f5 2. c4 Nf6 3. Nc3 g6 4. Bg5 Bg7 5. Nf3 O-O 6. e3 d6 7. Be2 Qe8 8. O-O Bd7 9. Qb3 b6 10. Rac1 e6 11. Rfd1 h6 12. Bh4 g5 13. Bg3 Ne4 14. Nxe4 fxe4 15. Nd2 Ba4 16. Qa3 Bxd1 17. Bxd1 h5 18. h3 h4 19. Bh2 Qe7 20. f3 exf3 21. Bxf3 Nd7 22. Rf1 Qe8 23. Bxa8 Qxa8 24. Nf3 Bh6 25. Qd3 Qe8 26. d5 e5 27. b3 e4 28. Qe2 exf3 29. gxf3 Ne5 30. Qg2 Ng6 31. Qf2 g4 32. f4 g3 33. Bxg3 hxg3 34. Qxg3 Kh7 35. Kh2 Qe4 36. Rg1 Nxf4 37. h4 Ne2 38. Qg2 Qe5+ 39. Kh1 Nxg1 0-1

[Event "NAYCC U10"]
[Site "Toronto CAN"]
[Date "2013.08.15"]
[Round "2"]
[White "Atchuthananthan, Arun"]
[Black "Jeyakumar, Yathushan"]
[Result "1-0"]
[WhiteElo "1032"]
[BlackElo "849"]
[PlyCount "49"]
[GameId "2160767909258735"]
[EventDate "2013.08.14"]
[EventType "swiss"]
[EventRounds "9"]
[EventCountry "CAN"]
[SourceTitle "EXT 2022"]
[Source "ChessBase"]
[SourceDate "2021.10.06"]
[SourceVersion "1"]
[SourceVersionDate "2021.10.06"]
[SourceQuality "1"]

1. e4 e5 2. Nf3 Nc6 3. Bb5 Nf6 4. d3 d6 5. O-O Bg4 6. Bg5 Bxf3 7. Qxf3 Be7 8. Nc3 Qd7 9. Nd5 Nxd5 10. exd5 Qd8 11. Bxe7 Qxe7 12. dxc6 O-O 13. cxb7 Rab8 14. Qe4 g6 15. d4 Rfe8 16. Bxe8 Qxe8 17. Rfe1 Qd7 18. Rad1 exd4 19. Rxd4 Re8 20. Qxe8+ Qxe8 21. Rxe8+ Kg7 22. b8=Q f5 23. Rh4 Kf6 24. Qd8+ Kg7 25. Qe7# 1-0

[Event "NAYCC U10"]
[Site "Toronto CAN"]
[Date "2013.08.15"]
[Round "2"]
[White "Bate, William"]
[Black "Zeng, Leo"]
[Result "0-1"]
[WhiteElo "748"]
[BlackElo "1002"]
[PlyCount "136"]
[GameId "2160767909258736"]
[EventDate "2013.08.14"]
[EventType "swiss"]
[EventRounds "9"]
[EventCountry "CAN"]
[SourceTitle "EXT 2022"]
[Source "ChessBase"]
[SourceDate "2021.10.06"]
[SourceVersion "1"]
[SourceVersionDate "2021.10.06"]
[SourceQuality "1"]

1. e4 e5 2. Nf3 Nc6 3. Nc3 Nf6 4. d3 b6 5. Bg5 Bb4 6. Bxf6 Qxf6 7. a3 Bxc3+ 8. bxc3 Ba6 9. Be2 O-O 10. O-O d6 11. d4 Bxe2 12. Qxe2 a5 13. dxe5 dxe5 14. Qe3 Rad8 15. Qg5 Qxg5 16. Nxg5 Rd2 17. Rac1 b5 18. Nf3 Re2 19. Rfe1 Rxe1+ 20. Rxe1 f6 21. Rf1 b4 22. cxb4 axb4 23. axb4 Nxb4 24. c3 Na2 25. c4 c5 26. Ra1 Nc3 27. h3 Ne2+ 28. Kh2 Rb8 29. Re1 Nf4 30. g3 Nd3 31. Re2 Rb1 32. Nd2 Rd1 33. Nf3 Rf1 34. Kg2 Rc1 35. Nd2 Nb2 36. f4 Nxc4 37. fxe5 Rc2 38. e6 Nxd2 39. e7 Kf7 40. e5 fxe5 41. Rxe5 Nc4+ 42. Kh1 Nxe5 43. e8=Q+ Kxe8 44. Kg1 Nf3+ 45. Kf1 Nd4 46. Ke1 c4 47. Kd1 c3 48. Ke1 Rh2 49. Kd1 c2+ 50. Kc1 Ne2+ 51. Kxc2 Rxh3 52. Kd2 Nxg3 53. Ke3 Rh4 54. Kf3 Nf5 55. Kg2 Rd4 56. Kh3 Kf7 57. Kg2 Rd3 58. Kh2 Kg6 59. Kg2 Kg5 60. Kh2 Kg4 61. Kg2 Rd2+ 62. Kf1 Kf3 63. Ke1 Rh2 64. Kd1 Ke3 65. Kc1 Kd3 66. Kb1 Kc3 67. Ka1 Kb3 68. Kb1 Rh1# 0-1

[Event "NAYCC U10"]
[Site "Toronto CAN"]
[Date "2013.08.15"]
[Round "2"]
[White "Brumund, Matthias"]
[Black "Ren, Gaven"]
[Result "0-1"]
[WhiteElo "916"]
[BlackElo "716"]
[PlyCount "48"]
[GameId "2160767909258737"]
[EventDate "2013.08.14"]
[EventType "swiss"]
[EventRounds "9"]
[EventCountry "CAN"]
[SourceTitle "EXT 2022"]
[Source "ChessBase"]
[SourceDate "2021.10.06"]
[SourceVersion "1"]
[SourceVersionDate "2021.10.06"]
[SourceQuality "1"]

1. e4 c5 2. Nc3 d6 3. Nf3 Nf6 4. Bb5+ Bd7 5. Bxd7+ Qxd7 6. d4 cxd4 7. Nxd4 e5 8. Nf3 Nc6 9. O-O g6 10. Be3 Bg7 11. a4 O-O 12. Ng5 Rfe8 13. Qd2 h6 14. Nf3 Rad8 15. Nd5 Nxe4 16. Qd1 Nf6 17. Nxf6+ Bxf6 18. Bxh6 Bg7 19. Bxg7 Kxg7 20. Ra3 Rh8 21. Ng5 Qf5 22. Nf3 Qh5 23. b3 e4 24. Nd4 Qxh2# 0-1

[Event "NAYCC U10"]
[Site "Toronto CAN"]
[Date "2013.08.15"]
[Round "2"]
[White "Ceastov, Denis"]
[Black "Luo, Jia Yu"]
[Result "0-1"]
[WhiteElo "248"]
[BlackElo "951"]
[PlyCount "52"]
[GameId "2160767739919891"]
[EventDate "2013.08.14"]
[EventType "swiss"]
[EventRounds "9"]
[EventCountry "CAN"]
[SourceTitle "EXT 2022"]
[Source "ChessBase"]
[SourceDate "2021.10.06"]
[SourceVersion "1"]
[SourceVersionDate "2021.10.06"]
[SourceQuality "1"]

1. e4 e5 2. Nf3 Nc6 3. Bc4 h6 4. Nc3 Nf6 5. d3 Bc5 6. h3 O-O 7. Na4 d6 8. Nxc5 dxc5 9. Be3 b6 10. Qd2 Qe7 11. Bxh6 gxh6 12. Qxh6 Nh7 13. g4 Nd4 14. Nxd4 cxd4 15. f3 Kh8 16. h4 Rg8 17. g5 Rg6 18. Qh5 Bd7 19. O-O-O Kg7 20. Rdf1 Rh8 21. f4 Nf6 22. Qf3 Bg4 23. Qg3 exf4 24. Qxf4 Be2 25. gxf6+ Rxf6 26. Qg5+ Kf8 {...} 0-1

[Event "NAYCC U10"]
[Site "Toronto CAN"]
[Date "2013.08.15"]
[Round "2"]
[White "Corvera Choi, Kemos"]
[Black "Zhang, Henry"]
[Result "0-1"]
[WhiteElo "1667"]
[BlackElo "1414"]
[PlyCount "46"]
[GameId "2160767909258738"]
[EventDate "2013.08.14"]
[EventType "swiss"]
[EventRounds "9"]
[EventCountry "CAN"]
[SourceTitle "EXT 2022"]
[Source "ChessBase"]
[SourceDate "2021.10.06"]
[SourceVersion "1"]
[SourceVersionDate "2021.10.06"]
[SourceQuality "1"]

1. e4 c5 2. Nf3 d6 3. d4 cxd4 4. Nxd4 Nf6 5. Nc3 a6 6. Bg5 Nbd7 7. f4 b5 8. Qf3 Bb7 9. O-O-O Rc8 10. Bd3 g6 11. Bxf6 exf6 12. Rhe1 Bg7 13. Nf5 Bf8 14. g4 Nc5 15. Nd4 Ne6 16. Qe3 Bg7 17. f5 Nc5 18. Nd5 O-O 19. h4 Re8 20. Qf3 Bxd5 21. exd5 Rxe1 22. Rxe1 Qa5 23. Qe3 Nxd3+ 0-1

[Event "NAYCC U10"]
[Site "Toronto CAN"]
[Date "2013.08.15"]
[Round "2"]
[White "Demers, Alexis"]
[Black "Mirabelli, Aidan"]
[Result "1-0"]
[WhiteElo "1181"]
[BlackElo "913"]
[PlyCount "75"]
[GameId "2160767909258739"]
[EventDate "2013.08.14"]
[EventType "swiss"]
[EventRounds "9"]
[EventCountry "CAN"]
[SourceTitle "EXT 2022"]
[Source "ChessBase"]
[SourceDate "2021.10.06"]
[SourceVersion "1"]
[SourceVersionDate "2021.10.06"]
[SourceQuality "1"]

1. d4 d5 2. c4 e6 3. Nc3 Nf6 4. Nf3 Nbd7 5. e3 Be7 6. Bd3 O-O 7. O-O c5 8. a3 cxd4 9. Nxd4 e5 10. Nf5 Nb6 11. Nxe7+ Qxe7 12. Nxd5 Nbxd5 13. cxd5 Nxd5 14. Bxh7+ Kxh7 15. Qxd5 Qg5 16. Qf3 Rb8 17. e4 Qg6 18. Qg3 Qxe4 19. Bd2 f6 20. Qe3 Qg6 21. Qg3 Qh5 22. f4 e4 23. Rf2 Re8 24. Raf1 Qc5 25. Be3 Qh5 26. f5 Kg8 27. Qxb8 Kf7 28. Qf4 Rh8 29. g4 Qh4 30. Qc7+ Kg8 31. Qxc8+ Kf7 32. Qd7+ Kg8 33. Qe8+ Kh7 34. Qg6+ Kg8 35. Rd1 Kf8 36. Rd7 Qxf2+ 37. Bxf2 Rh6 38. Qf7# 1-0

[Event "NAYCC U10"]
[Site "Toronto CAN"]
[Date "2013.08.15"]
[Round "2"]
[White "Ekzhanov, Sergey"]
[Black "Luo, Benett"]
[Result "0-1"]
[WhiteElo "964"]
[BlackElo "749"]
[PlyCount "88"]
[GameId "2160767909258740"]
[EventDate "2013.08.14"]
[EventType "swiss"]
[EventRounds "9"]
[EventCountry "CAN"]
[SourceTitle "EXT 2022"]
[Source "ChessBase"]
[SourceDate "2021.10.06"]
[SourceVersion "1"]
[SourceVersionDate "2021.10.06"]
[SourceQuality "1"]

1. e4 e5 2. Nf3 Nc6 3. Nc3 Nf6 4. Bb5 d6 5. d4 Bd7 6. dxe5 dxe5 7. Bg5 h6 8. Bxc6 Bxc6 9. Qxd8+ Rxd8 10. Bxf6 gxf6 11. O-O Rg8 12. h3 f5 13. Nxe5 Bxe4 14. Nxe4 fxe4 15. Ng4 Rd6 16. Rad1 Rdg6 17. Rfe1 f5 18. Ne5 Rxg2+ 19. Kf1 Bd6 20. Ng4 R2xg4 21. hxg4 Rxg4 22. f3 Rf4 23. Kg2 Rxf3 24. Rf1 Rg3+ 25. Kh1 Rg5 26. Rg1 Rxg1+ 27. Kxg1 Kf7 28. Kg2 Kf6 29. Kh3 f4 30. Kg4 f3 31. Rf1 Kg6 32. a3 h5+ 33. Kh4 Bc5 34. b4 Bd4 35. Kg3 Kg5 36. Rd1 h4+ 37. Kh3 f2 38. Kg2 Be3 39. c4 Kg4 40. Kh2 Bf4+ 41. Kg2 e3 42. Rd4 h3+ 43. Kf1 Kf3 44. Rd7 e2# 0-1

[Event "NAYCC U10"]
[Site "Toronto CAN"]
[Date "2013.08.15"]
[Round "2"]
[White "Frutos, Cole N"]
[Black "Wong, Anthony G"]
[Result "1-0"]
[WhiteElo "1721"]
[BlackElo "1482"]
[PlyCount "53"]
[GameId "2160767909258741"]
[EventDate "2013.08.14"]
[EventType "swiss"]
[EventRounds "9"]
[EventCountry "CAN"]
[SourceTitle "EXT 2022"]
[Source "ChessBase"]
[SourceDate "2021.10.06"]
[SourceVersion "1"]
[SourceVersionDate "2021.10.06"]
[SourceQuality "1"]

1. e4 e6 2. d4 d5 3. exd5 exd5 4. Bd3 Nf6 5. Bg5 Bd6 6. Nc3 c6 7. Nf3 O-O 8. O-O Bg4 9. Re1 Bc7 10. h3 Bh5 11. Bh4 Nbd7 12. g4 Bg6 13. Ne5 Qc8 14. Bg3 Re8 15. f4 Rb8 16. f5 Nxe5 17. Bxe5 Bxf5 18. Bxf5 Qd8 19. Qf3 g6 20. Bxg6 fxg6 21. Qxf6 Qxf6 22. Bxf6 Rf8 23. Bh4 Bb6 24. Rad1 Rf3 25. Kg2 Rbf8 26. Na4 Bc7 27. Nc5 1-0

[Event "NAYCC U10"]
[Site "Toronto CAN"]
[Date "2013.08.15"]
[Round "2"]
[White "He, Oliver"]
[Black "Atanasov, David"]
[Result "1/2-1/2"]
[WhiteElo "799"]
[BlackElo "1076"]
[PlyCount "38"]
[GameId "2160767909258742"]
[EventDate "2013.08.14"]
[EventType "swiss"]
[EventRounds "9"]
[EventCountry "CAN"]
[SourceTitle "EXT 2022"]
[Source "ChessBase"]
[SourceDate "2021.10.06"]
[SourceVersion "1"]
[SourceVersionDate "2021.10.06"]
[SourceQuality "1"]

1. e4 c5 2. Nf3 d6 3. Nc3 Nc6 4. Bb5 Bd7 5. O-O Nf6 6. d3 g6 7. Bd2 Bg7 8. h3 O-O 9. Bxc6 Bxc6 10. Re1 Qd7 11. e5 Bxf3 12. Qxf3 dxe5 13. Rxe5 Qd6 14. Rae1 Rfe8 15. Qxb7 Rab8 16. Qxa7 Rxb2 17. Rxe7 Rxe7 18. Rxe7 Rxc2 19. Qa8+ Bf8 1/2-1/2

[Event "NAYCC U10"]
[Site "Toronto CAN"]
[Date "2013.08.15"]
[Round "2"]
[White "Ju, Lawrence"]
[Black "Moreno Vasquez, Esteban"]
[Result "1/2-1/2"]
[WhiteElo "1420"]
[BlackElo "1717"]
[PlyCount "46"]
[GameId "2160767909258743"]
[EventDate "2013.08.14"]
[EventType "swiss"]
[EventRounds "9"]
[EventCountry "CAN"]
[SourceTitle "EXT 2022"]
[Source "ChessBase"]
[SourceDate "2021.10.06"]
[SourceVersion "1"]
[SourceVersionDate "2021.10.06"]
[SourceQuality "1"]

1. d4 Nf6 2. c4 g6 3. Nc3 Bg7 4. Bf4 c5 5. dxc5 Nc6 6. e3 O-O 7. Nf3 Nh5 8. Bg3 Nxg3 9. hxg3 Ne5 10. Nxe5 Bxe5 11. f4 Bg7 12. Bd3 e6 13. g4 f5 14. g5 Qe7 15. Qf3 Rf7 16. Kd2 Qxc5 17. Rh4 Qe7 18. Rah1 Bxc3+ 19. bxc3 Rb8 20. Qh3 b6 21. g4 Bb7 22. gxf5 exf5 23. Rh2 Rbf8 1/2-1/2

[Event "NAYCC U10"]
[Site "Toronto CAN"]
[Date "2013.08.15"]
[Round "2"]
[White "Klement, Ido"]
[Black "Mocanu, Alexander"]
[Result "1-0"]
[WhiteElo "1130"]
[BlackElo "884"]
[PlyCount "45"]
[GameId "2160767909258744"]
[EventDate "2013.08.14"]
[EventType "swiss"]
[EventRounds "9"]
[EventCountry "CAN"]
[SourceTitle "EXT 2022"]
[Source "ChessBase"]
[SourceDate "2021.10.06"]
[SourceVersion "1"]
[SourceVersionDate "2021.10.06"]
[SourceQuality "1"]

1. e4 e5 2. Nf3 Nc6 3. Nc3 Bc5 4. Bb5 d6 5. h3 Bd7 6. Bxc6 Bxc6 7. d3 Nf6 8. Bg5 O-O 9. O-O b6 10. Nd5 Bxd5 11. exd5 Re8 12. Re1 h6 13. Bh4 Kf8 14. Nd2 a5 15. Ne4 Rc8 16. Nxf6 gxf6 17. Qf3 Kg7 18. Re4 Bd4 19. Rg4+ Kh7 20. Qf5+ Kh8 21. Bxf6+ Qxf6 22. Qxf6+ Kh7 23. Qg7# 1-0

[Event "NAYCC U10"]
[Site "Toronto CAN"]
[Date "2013.08.15"]
[Round "2"]
[White "Landa, Tamir"]
[Black "Hung, Justin"]
[Result "0-1"]
[WhiteElo "833"]
[BlackElo "1179"]
[PlyCount "78"]
[GameId "2160767909258745"]
[EventDate "2013.08.14"]
[EventType "swiss"]
[EventRounds "9"]
[EventCountry "CAN"]
[SourceTitle "EXT 2022"]
[Source "ChessBase"]
[SourceDate "2021.10.06"]
[SourceVersion "1"]
[SourceVersionDate "2021.10.06"]
[SourceQuality "1"]

1. e4 e5 2. d4 exd4 3. Qxd4 Nc6 4. Qa4 Nf6 5. Bg5 d5 6. exd5 Qxd5 7. Bxf6 Qe6+ 8. Be2 Qxf6 9. Nc3 Be6 10. Bb5 Bd7 11. Nge2 Bd6 12. Rf1 O-O 13. O-O-O a6 14. Bxc6 Bxc6 15. Qg4 Rae8 16. Nd4 Qd8 17. Nxc6 bxc6 18. Ne4 f5 19. Nf6+ Rxf6 20. Qf3 Qa8 21. Kb1 Rb8 22. g3 Qb7 23. Qc3 Re6 24. b3 Be5 25. Qc4 Rbe8 26. Rfe1 Qb5 27. Qxb5 cxb5 28. Rd7 Bf6 29. Rc1 c5 30. Rc7 c4 31. bxc4 bxc4 32. c3 Rb8+ 33. Kc2 Re2+ 34. Kd1 Rbb2 35. Rd7 Rxf2 36. Ke1 Rxh2 37. Rc2 Rbxc2 38. Kd1 Rxa2 39. Kc1 Ra1# 0-1

[Event "NAYCC U10"]
[Site "Toronto CAN"]
[Date "2013.08.15"]
[Round "2"]
[White "Levkov, Daniel"]
[Black "Yelamarti, Shanmukh"]
[Result "1-0"]
[WhiteElo "1867"]
[BlackElo "393"]
[PlyCount "51"]
[GameId "2160767909258746"]
[EventDate "2013.08.14"]
[EventType "swiss"]
[EventRounds "9"]
[EventCountry "CAN"]
[SourceTitle "EXT 2022"]
[Source "ChessBase"]
[SourceDate "2021.10.06"]
[SourceVersion "1"]
[SourceVersionDate "2021.10.06"]
[SourceQuality "1"]

1. e4 e5 2. Nf3 Nc6 3. Bc4 Bc5 4. c3 Nf6 5. d3 O-O 6. Bb3 d6 7. Nbd2 d5 8. Qe2 dxe4 9. dxe4 Bg4 10. O-O a6 11. h3 Bxf3 12. Nxf3 Qd7 13. Bg5 Be7 14. Rad1 Qe8 15. Rd3 Rd8 16. Rfd1 h6 17. Bc1 Rxd3 18. Rxd3 b5 19. Nh4 a5 20. Nf5 a4 21. Rg3 g6 22. Rxg6+ Kh8 23. Rxh6+ Nh7 24. Qh5 axb3 25. Rxh7+ Kg8 26. Rg7# 1-0

[Event "NAYCC U10"]
[Site "Toronto CAN"]
[Date "2013.08.15"]
[Round "2"]
[White "Lin, Benjamin1"]
[Black "Yaskolko, Maxim"]
[Result "1/2-1/2"]
[WhiteElo "1500"]
[BlackElo "1741"]
[PlyCount "121"]
[GameId "2160767909258747"]
[EventDate "2013.08.14"]
[EventType "swiss"]
[EventRounds "9"]
[EventCountry "CAN"]
[SourceTitle "EXT 2022"]
[Source "ChessBase"]
[SourceDate "2021.10.06"]
[SourceVersion "1"]
[SourceVersionDate "2021.10.06"]
[SourceQuality "1"]

1. c4 e5 2. g3 Nf6 3. Bg2 d5 4. cxd5 Nxd5 5. Nc3 Nb6 6. Nf3 Nc6 7. O-O Be7 8. d3 O-O 9. Be3 Be6 10. d4 exd4 11. Nxd4 Nxd4 12. Qxd4 Qxd4 13. Bxd4 c6 14. Ne4 Rad8 15. Rfd1 Bd5 16. Nc5 Bxg2 17. Kxg2 Bxc5 18. Bxc5 Rfe8 19. Bxb6 axb6 20. e3 Kf8 21. Kf3 Ke7 22. h4 Ra8 23. a3 Red8 24. Rac1 Ra5 25. Rxd8 Kxd8 26. Rd1+ Ke7 27. Rd4 Rb5 28. b4 Re5 29. Kf4 f6 30. g4 h6 31. h5 c5 32. Re4 Ke6 33. Rc4 Kd5 34. Rc3 Kc6 35. a4 b5 36. a5 Kd6 37. bxc5+ Rxc5 38. Rb3 Kc7 39. f3 Kc6 40. Ke4 Kd6 41. Rd3+ Ke6 42. Rd4 Rc6 43. Rb4 Rc5 44. Rd4 f5+ 45. Kd3 fxg4 46. fxg4 Rc7 47. Rb4 Rc5 48. Rd4 Ke7 49. Ke4 Rg5 50. Kd3 Rc5 51. Ke4 Rc1 52. Rb4 Rc5 53. Rd4 Rg5 54. Kd3 Rc5 55. Ke4 Rc6 56. Rb4 Rc5 57. Rd4 Ke6 58. Kd3 Rg5 59. Kc3 Re5 60. Kd3 Rc5 61. Ke4 1/2-1/2

[Event "NAYCC U10"]
[Site "Toronto CAN"]
[Date "2013.08.15"]
[Round "2"]
[White "Liu, Daniel1"]
[Black "Zheng, Ethan"]
[Result "1-0"]
[WhiteElo "1627"]
[BlackElo "1237"]
[PlyCount "53"]
[GameId "2160767909258748"]
[EventDate "2013.08.14"]
[EventType "swiss"]
[EventRounds "9"]
[EventCountry "CAN"]
[SourceTitle "EXT 2022"]
[Source "ChessBase"]
[SourceDate "2021.10.06"]
[SourceVersion "1"]
[SourceVersionDate "2021.10.06"]
[SourceQuality "1"]

1. e4 c5 2. Nf3 Nc6 3. Bb5 Qc7 4. O-O e6 5. Nc3 Nf6 6. d4 d5 7. exd5 cxd4 8. dxc6 bxc6 9. Nxd4 cxb5 10. Ndxb5 Qc6 11. Bf4 Bb7 12. f3 Bc5+ 13. Kh1 O-O 14. Qe2 Kh8 15. Rad1 Rg8 16. a3 g5 17. Be5 Be7 18. Ne4 Rg6 19. Bxf6+ Bxf6 20. Nxf6 Rxf6 21. Qe5 Kg7 22. Qxg5+ Rg6 23. Qe5+ f6 24. Qc7+ Kh8 25. Rd7 Qxb5 26. Rxh7+ Kg8 27. Qf7# 1-0

[Event "NAYCC U10"]
[Site "Toronto CAN"]
[Date "2013.08.15"]
[Round "2"]
[White "Low, Ethan"]
[Black "Pan, David"]
[Result "0-1"]
[WhiteElo "1397"]
[BlackElo "1663"]
[PlyCount "38"]
[GameId "2160767909258749"]
[EventDate "2013.08.14"]
[EventType "swiss"]
[EventRounds "9"]
[EventCountry "CAN"]
[SourceTitle "EXT 2022"]
[Source "ChessBase"]
[SourceDate "2021.10.06"]
[SourceVersion "1"]
[SourceVersionDate "2021.10.06"]
[SourceQuality "1"]

1. e4 c6 2. d4 d5 3. exd5 cxd5 4. c4 Nf6 5. Nc3 Nc6 6. c5 b6 7. Bb5 Bd7 8. cxb6 Qxb6 9. Nf3 e6 10. a3 Ne4 11. Ba4 Nxc3 12. bxc3 Bd6 13. O-O O-O 14. Qd3 f5 15. Re1 Rfe8 16. Rb1 Qc7 17. h3 Rac8 18. Re2 Qa5 19. Bc2 Ne7 0-1

[Event "NAYCC U10"]
[Site "Toronto CAN"]
[Date "2013.08.15"]
[Round "2"]
[White "Ming, Wenyang"]
[Black "Feng, Richard"]
[Result "1/2-1/2"]
[WhiteElo "1815"]
[BlackElo "1534"]
[PlyCount "81"]
[GameId "2160767909258750"]
[EventDate "2013.08.14"]
[EventType "swiss"]
[EventRounds "9"]
[EventCountry "CAN"]
[SourceTitle "EXT 2022"]
[Source "ChessBase"]
[SourceDate "2021.10.06"]
[SourceVersion "1"]
[SourceVersionDate "2021.10.06"]
[SourceQuality "1"]

1. e4 c5 2. Ne2 d6 3. g3 Nf6 4. Bg2 g6 5. c3 Nc6 6. d4 cxd4 7. cxd4 Bg7 8. O-O O-O 9. Nbc3 Bd7 10. h3 Qc8 11. Kh2 e6 12. Be3 Ne8 13. Rc1 Qd8 14. Qd2 e5 15. dxe5 Nxe5 16. Nd5 f5 17. Bg5 Nf6 18. Nxf6+ Bxf6 19. Bh6 Re8 20. Qxd6 Bb5 21. Qxd8 Raxd8 22. Rce1 fxe4 23. a4 Bc4 24. b3 Ba6 25. Rh1 g5 26. Bxe4 Nf7 27. b4 Nxh6 28. Nc1 Bc3 29. Bxh7+ Kxh7 30. Rxe8 Rxe8 31. b5 Bxb5 32. axb5 Re1 33. Rxe1 Bxe1 34. Nd3 Bc3 35. Nc5 b6 36. Ne4 Bd4 37. Nxg5+ Kg6 38. f4 Nf5 39. Ne6 Kf6 40. Nc7 Bf2 41. g4 1/2-1/2

[Event "NAYCC U10"]
[Site "Toronto CAN"]
[Date "2013.08.15"]
[Round "2"]
[White "Miranda-Radbord, Cameron"]
[Black "Atanasov, Dimitar"]
[Result "0-1"]
[WhiteElo "709"]
[BlackElo "916"]
[PlyCount "73"]
[GameId "2160767909258751"]
[EventDate "2013.08.14"]
[EventType "swiss"]
[EventRounds "9"]
[EventCountry "CAN"]
[SourceTitle "EXT 2022"]
[Source "ChessBase"]
[SourceDate "2021.10.06"]
[SourceVersion "1"]
[SourceVersionDate "2021.10.06"]
[SourceQuality "1"]

1. e4 e6 2. d4 d5 3. e5 c5 4. Nf3 Nc6 5. Bb5 a6 6. Bxc6+ bxc6 7. Nc3 cxd4 8. Nxd4 c5 9. Nde2 Ne7 10. Bd2 Ng6 11. Bf4 Qc7 12. O-O Be7 13. Re1 Nxe5 14. Bxe5 Qxe5 15. Ng3 Qc7 16. Qf3 Bb7 17. Qg4 g6 18. Rad1 O-O-O 19. Nce2 Kb8 20. Nc3 Qc6 21. f3 Bc8 22. Qf4+ Qc7 23. Qxf7 Bg5 24. Qxc7+ Kxc7 25. Re5 Bf6 26. Re2 Rhe8 27. Red2 Bb7 28. a3 Bd4+ 29. Kh1 Bxc3 30. bxc3 e5 31. Re1 e4 32. fxe4 dxe4 33. Rde2 e3 34. Rxe3 Rd2 35. Re7+ Kb8 36. Kg1 Rxg2+ 37. Kh1 0-1